Tai-Pan : (Record no. 200468072)

MARC details
000 -LEADER
fixed length control field 01328cam a2200409 i 4500
001 - CONTROL NUMBER
control field 200468072
003 - CONTROL NUMBER IDENTIFIER
control field TR-AnTOB
005 - DATE AND TIME OF LATEST TRANSACTION
control field 20260413120745.0
007 - PHYSICAL DESCRIPTION FIXED FIELD--GENERAL INFORMATION
fixed length control field ta
008 - FIXED-LENGTH DATA ELEMENTS--GENERAL INFORMATION
fixed length control field 260413r19671966nyu 000 1 eng d
010 ## - LIBRARY OF CONGRESS CONTROL NUMBER
LC control number 2009291434
035 ## - SYSTEM CONTROL NUMBER
System control number 15772092
System control number (OCoLC)259266056
System control number (TR-AnTOB)200468072
040 ## - CATALOGING SOURCE
Original cataloging agency BTCTA
Language of cataloging eng
Description conventions rda
Transcribing agency BTCTA
Modifying agency YDXCP
-- HCO
-- DLC
-- TR-AnTOB
041 0# - LANGUAGE CODE
Language code of text/sound track or separate title İngilizce
043 ## - GEOGRAPHIC AREA CODE
Geographic area code a-cc-hk
050 04 - LIBRARY OF CONGRESS CALL NUMBER
Classification number PS3553.L365
Item number T3 1967
090 ## - LOCALLY ASSIGNED LC-TYPE CALL NUMBER (OCLC); LOCAL CALL NUMBER (RLIN)
Classification number (OCLC) (R) ; Classification number, CALL (RLIN) (NR) PS3553.L365
Local cutter number (OCLC) ; Book number/undivided call number, CALL (RLIN) T3 1967
100 1# - MAIN ENTRY--PERSONAL NAME
Personal name Clavell, James
Relator term author
Relator code aut
9 (RLIN) 150123
240 10 - UNIFORM TITLE
Uniform title Tai-Pan
245 10 - TITLE STATEMENT
Title Tai-Pan :
Remainder of title a novel of Hong Kong /
Statement of responsibility, etc. by James Clavell.
264 #1 - PRODUCTION, PUBLICATION, DISTRIBUTION, MANUFACTURE, AND COPYRIGHT NOTICE
Place of production, publication, distribution, manufacture New York :
Name of producer, publisher, distributor, manufacturer Dell Publishing,
Date of production, publication, distribution, manufacture, or copyright notice 1967.
300 ## - PHYSICAL DESCRIPTION
Extent 734 pages ;
Dimensions 18 cm
336 ## - CONTENT TYPE
Content type term text
Content type code txt
Source rdacontent
337 ## - MEDIA TYPE
Media type term unmediated
Media type code n
Source rdamedia
338 ## - CARRIER TYPE
Carrier type term volume
Carrier type code nc
Source rdacarrier
500 ## - GENERAL NOTE
General note "A Dell Book"
650 #0 - SUBJECT ADDED ENTRY--TOPICAL TERM
Topical term or geographic name entry element British
Geographic subdivision China
Form subdivision Fiction
9 (RLIN) 153589
651 #0 - SUBJECT ADDED ENTRY--GEOGRAPHIC NAME
Geographic name Hong Kong (China)
Form subdivision Fiction
9 (RLIN) 153591
Geographic name China
General subdivision History
Chronological subdivision 19th century
Form subdivision Fiction
9 (RLIN) 153592
655 #7 - INDEX TERM--GENRE/FORM
Genre/form data or focus term Historical fiction
Source of term lcgft
Authority record control number https://id.loc.gov/authorities/genreForms/gf2014026370
9 (RLIN) 5021
Genre/form data or focus term Fiction
Source of term lcgft
Authority record control number https://id.loc.gov/authorities/genreForms/gf2014026339
9 (RLIN) 151487
942 ## - ADDED ENTRY ELEMENTS (KOHA)
Source of classification or shelving scheme Library of Congress Classification
Koha item type Book
Holdings
Withdrawn status Lost status Source of classification or shelving scheme Damaged status Not for loan Collection code Home library Current library Shelving location Date acquired Source of acquisition Inventory number Total Checkouts Full call number Barcode Date last seen Copy number Date shelved Koha item type Public note
    Library of Congress Classification Kullanılmış / Used Ödünç Verilemez-Kurumiçi kullanım / Not for loan-For inhouse use Genel Koleksiyon Tıp Fakültesi Medikal Kütüphane Tıp Fakültesi Medikal Kütüphane Genel Koleksiyon / Main Collection 18/03/2026 Bağış / Donation İDE   PS3553.L365 T3 1967 TıpFaK TF03057 13/04/2026 1 13/04/2026 Book Donated by Prof. Dr. Şükrü Cin
Devinim Yazılım Eğitim Danışmanlık tarafından Koha'nın orjinal sürümü uyarlanarak geliştirilip kurulmuştur.